| 000 | 01056nam a2200313 i 4500 | ||
|---|---|---|---|
| 003 | EG-GICUC | ||
| 005 | 20260427072232.0 | ||
| 008 | 260427s1919 ua aofcfr|||| 001 0 eng d | ||
| 040 |
_aEG-GiCUC _beng _cEG-GiCUC _dEG-GiCUC _erda |
||
| 041 | 0 | _aeng | |
| 082 | 0 | 4 |
_221 _a343.623 _bWA . P |
| 092 | 0 | 4 | _221 |
| 099 | _aLaw1 10 343.623 WA . P 1 ed -1919 | ||
| 100 | 1 |
_aWatson, John B. _eAuthor. |
|
| 245 | 1 | 0 |
_aPsychology : _bFrom The Standpoint Of A Behaviorist / _c By John B. Watson. |
| 250 | _aThird edition revised. | ||
| 264 |
_a Philadelphia ; _aLondon : _b J. B. Lippincott Company, _c1919. |
||
| 300 |
_a458 pages : _billustrations,graphs, photographs; _c24 cm |
||
| 336 |
_2rda content _atext |
||
| 337 |
_2rda media _aComputer |
||
| 338 |
_2rda carrier _aOnline Resource |
||
| 504 | _aIncludes bibliographical references and index. | ||
| 546 | _aText in English | ||
| 650 | 1 | 4 |
_aCriminal law. _2qrmak |
| 651 | 1 | _2qrmak | |
| 856 | 4 | 0 | _uhttps://fll.law.cu.edu.eg/fulltext/bks/B10-10949.pdf |
| 905 | _a171 | ||
| 942 |
_2ddc _cBK _e21 _n0 |
||
| 999 |
_c73525 _d73525 |
||